Statistics for Five Biggest Countries by Written Script

Click here to take the quiz!

General Stats

  • This quiz has been taken 104 times
  • The average score is 27 of 30

Answer Stats

Script Country % Correct
CyrillicRussia
100%
LatinRussia
100%
OtherChina
99%
South IndicIndia
99%
ArabicIndia
99%
North IndicIndia
99%
North IndicChina
99%
LatinBrazil
99%
ArabicChina
99%
ArabicSaudi Arabia
98%
CyrillicKazakhstan
98%
LatinCanada
96%
North IndicPakistan
96%
OtherCanada
96%
CyrillicUkraine
95%
LatinAustralia
92%
LatinUnited States
91%
South IndicIndonesia
89%
ArabicIndonesia
89%
North IndicBangladesh
88%
CyrillicMongolia
88%
OtherJapan
87%
South IndicThailand
84%
North IndicNepal
83%
ArabicAlgeria
83%
South IndicBurma
80%
CyrillicTurkmenistan
76%
South IndicLaos
69%
OtherSudan
67%
OtherEthiopia
53%

Score Distribution

Percentile by Number Answered

Percent of People with Each Score

Your Score History

You have not taken this quiz